00533 2200217 4500001002100000005001700021008004100038035002400079043001200103082000800115090001500123100001800138245003300156250001100189260003100200300002900231650001900260850001200279990001200291990001200303YOGYA-0209000001007920090227022010.0 ind  0010-020900000010079 aYOPDYOG a150 a150bSuy P aSUJANTO, Agus aPsikologi umumcAgus Sujanto aCet. 5 aJakartabAksara Baruc1985 avi, 254 hlmbilusc21 cm aIlmu jiwa umum aYOPDYOG a25076-P a26485-P